| 000 | 00470nam a2200169 a 4500 | ||
|---|---|---|---|
| 005 | 20140310183319.0 | ||
| 008 | 021016s19uu xx 00 eng d | ||
| 020 | _a0782141021 | ||
| 050 |
_aQA 76.73.J38 _b.J41 2002 |
||
| 245 |
_aJava 2, J2SE 1.4 : _bcomplete / |
||
| 260 |
_aSan Francisco : _bSYBEX Inc, _c2002. |
||
| 300 |
_axx, 1015 p. : _bill. ; _c23 cm. |
||
| 521 | _aIT | ||
| 650 | _aJAVA ( Computer Program Language ). | ||
| 942 |
_cBK _2lcc _kFOR |
||
| 999 |
_c21340 _d21340 |
||